000 00545pam a2200205 i 4500
001 2679342
005 20180307091210.0
008 741118s1975 nyua 001 0 eng
010 _a 74028437
020 _a0471177369
040 _aDLC
_cDLC
_dDLC
041 _aeng
080 _a658.403 COU
082 0 0 _a658.403 COU
100 1 _a54
101 _aMIS
245 1 0 _aIntroduction to computer-based information systems /
_cJ. Daniel Couger, Fred R. McFadden.
906 _a7
_bcbc
_corignew
_d1
_eocip
_f19
_gy-gencatlg
942 _2ddc
_cBK
999 _c44338
_d44338